Booker's books in India : (Record no. 76004)
[ view plain ]
| 000 -LEADER | |
|---|---|
| fixed length control field | 00641nam a22001937a 4500 |
| 005 - DATE AND TIME OF LATEST TRANSACTION | |
| control field | 20130607120037.0 |
| 010 ## - LCCN (DPL NO) | |
| LC control number | ENG-107321 |
| 020 ## - INTERNATIONAL STANDARD BOOK NUMBER | |
| International Standard Book Number | 9789380902890 |
| Terms of availability | 725.00 |
| 035 ## - SYSTEM CONTROL NUMBER | |
| System control number | EN-90854 |
| 037 ## - SOURCE OF ACQUISITION | |
| Source of stock number/acquisition | DBAD/PUB |
| 082 ## - DEWEY DECIMAL CLASSIFICATION NUMBER | |
| Classification number | 891.4 |
| 100 ## - MAIN ENTRY--PERSONAL NAME | |
| Personal name | Singh, K.K. |
| 245 ## - TITLE STATEMENT | |
| Title | Booker's books in India : |
| Remainder of title | a study of four Booker Prize winning novels by Indian novelists / |
| Statement of responsibility, etc | by K.K. Singh |
| 260 ## - PUBLICATION, DISTRIBUTION, ETC. (IMPRINT) | |
| Place of publication, distribution, etc | Jaipur |
| Name of publisher, distributor, etc | Aadi Publications |
| Date of publication, distribution, etc | 2012 |
| 270 ## - ADDRESS | |
| Address | 18,Jain Bhawan Opp. Shanti Nagar |
| City | Jaipur |
| Postal code | 302006 |
| 300 ## - PHYSICAL DESCRIPTION | |
| Extent | ix,196p. |
| Dimensions | 22cm(Hb) |
| 500 ## - GENERAL NOTE | |
| General note | Includes bibliographical references and index |
| 942 ## - ADDED ENTRY ELEMENTS (KOHA) | |
| Source of classification or shelving scheme | Dewey Decimal Classification |
| Item type | English Books |
| Call number suffix | SIN |
| Classification part | 891.4 |
| Withdrawn status | Lost status | Not for loan | Collection code | Home library | Current library | Date acquired | Source of acquisition | Cost, normal purchase price | Full call number | Barcode | Copy number | Cost, replacement price | Koha item type |
|---|---|---|---|---|---|---|---|---|---|---|---|---|---|
| Not For Loan | Non-fiction | D.B.Act.Division | D.B.Act.Division | 23/05/2013 | BPPD/PUB | 725.00 | 891.4 SIN | EN-90854 | 1 | 725.00 | English Books |
